000 00874nam a22001817a 4500
999 _c63097
_d63097
005 20251125233101.0
008 s2553 th tha d
040 _aNALT
041 _atha
090 _aIS 5/2553 67
100 0 _aสุภาวดี สุทธิ
_99084
245 1 0 _aการพัฒนางานด้านงานวิชาการของกลุ่มงานบริการเอกสารอ้างอิง : เอกสารวิชาการกรณีศึกษาส่วนบุคคล
260 3 _aกรุงเทพฯ :
_bรัฐสภา,
_c2553
850 _aNALT
856 4 0 _uhttps://hdl.handle.net/20.500.14156/18487
942 _cIS
_2local
_06
998 _j111
_k นางสาวพจพิณ พรมเอี่ยม